[Event "34. Kieler Open 2022"]
[Site "Kiel"]
[Date "2022.07.30"]
[Round "1.32"]
[White "Borgert, Alexander"]
[Black "Doeserich, Juergen"]
[Result "0-1"]
[WhiteElo "1477"]
[BlackElo "1945"]
[PlyCount "68"]
[EventDate "2022.??.??"]

1. d4 d5 2. c4 c6 3. Nf3 Nf6 4. Nc3 a6 5. c5 Bf5 6. Bf4 Nh5 7. Bg3 Nxg3 8. hxg3
Nd7 9. e3 e5 10. b4 Qc7 11. Nxe5 Nxe5 12. dxe5 Qxe5 13. Qd4 Qxd4 14. exd4 Be7
15. Kd2 h5 16. Bd3 Be6 17. Ne2 g6 18. a4 b6 19. Rac1 O-O 20. Rb1 a5 21. Rhc1
axb4 22. Rxb4 bxc5 23. Rb7 Rfe8 24. dxc5 Rxa4 25. Rc7 h4 26. gxh4 Rxh4 27. g3
Rh2 28. f4 Bd8 29. Ra7 Bg4 30. Re1 Bf6 31. Ra6 Re6 32. Ra2 Bd4 33. Ra5 Bf2 34.
Rf1 Bxg3 0-1

[Event "34. Kieler Open 2022"]
[Site "Kiel"]
[Date "2022.07.30"]
[Round "1.33"]
[White "Fuhrmann, Åke"]
[Black "Ruhberg, Hartwig"]
[Result "1-0"]
[WhiteElo "1942"]
[BlackElo "1474"]
[PlyCount "65"]
[EventDate "2022.??.??"]

1. c4 Nf6 2. d4 e6 3. g3 d5 4. Bg2 c6 5. Nf3 h6 6. O-O Be7 7. Nc3 O-O 8. Nd2
Bb4 9. Qb3 Ba5 10. Rd1 Qb6 11. e4 Qxd4 12. exd5 exd5 13. Nde4 Qxc4 14. Nxf6+
gxf6 15. Qxc4 dxc4 16. Bxh6 Re8 17. Ne4 Re6 18. Nd6 Na6 19. Nxc8 Rxc8 20. Bh3
Nc5 21. Bxe6 fxe6 22. Rd4 b5 23. Be3 Bb6 24. Rg4+ Kf7 25. Bxc5 Bxc5 26. Rd1 f5
27. Rd7+ Kf6 28. Rh4 a5 29. Kf1 a4 30. Ke2 a3 31. Rh6+ Ke5 (31... Kg5 32. Rxe6
axb2 33. f4+ Kg4 34. Rh7 b1=Q 35. Rh4#) 32. f4+ Ke4 33. Rxe6# 1-0

[Event "34. Kieler Open 2022"]
[Site "Kiel"]
[Date "2022.07.30"]
[Round "1.34"]
[White "Friedrich, Heike"]
[Black "Browning, Rebecca"]
[Result "0-1"]
[WhiteElo "1472"]
[BlackElo "1938"]
[PlyCount "58"]
[EventDate "2022.??.??"]

1. e4 e6 2. d4 d5 3. e5 c5 4. c3 Nc6 5. Nf3 Bd7 6. Be2 Qb6 7. b3 Rc8 8. O-O
cxd4 9. Nxd4 Nxe5 10. Be3 Qd8 11. Qd2 Nf6 12. f3 Be7 13. a4 O-O 14. Na3 a6 15.
Bf4 Nc6 16. Nac2 Bc5 17. Kh1 Nxd4 18. cxd4 Bb6 19. Be5 Bc7 20. f4 Ne4 21. Qd3
Bxe5 22. dxe5 Rc3 23. Qd1 Qh4 24. Kg1 Rxb3 25. Bf3 Qe7 26. Bxe4 dxe4 27. Re1
Rc8 28. Rxe4 Qc5+ 29. Nd4 Rb4 0-1

[Event "34. Kieler Open 2022"]
[Site "Kiel"]
[Date "2022.07.30"]
[Round "1.35"]
[White "Doll, Rebecca"]
[Black "Menke, Raphael Wilhelm"]
[Result "1-0"]
[WhiteElo "1933"]
[BlackElo "1459"]
[PlyCount "115"]
[EventDate "2022.??.??"]

1. e4 e5 2. Nf3 Nc6 3. Bb5 a6 4. Ba4 Nf6 5. d3 b5 6. Bb3 Bc5 7. O-O d6 8. c3
Bg4 9. Nbd2 Qd7 10. Re1 O-O 11. Nf1 Rfe8 12. h3 Be6 13. Bc2 h6 14. a4 Ba7 15.
d4 Bc4 16. Ng3 bxa4 17. Bxa4 Bb5 18. Bb3 a5 19. d5 Ne7 20. Nh4 Bb6 21. Qf3 Nh7
22. Nhf5 Nxf5 23. Nxf5 f6 24. Qg4 Kh8 25. c4 Ba6 26. Ba4 Qf7 27. Bxe8 Rxe8 28.
b3 Ra8 29. Bd2 Bc8 30. Qe2 Qg6 31. Qg4 Qf7 32. Qf3 Ng5 33. Bxg5 fxg5 34. Ra2
Bc5 35. Rea1 Bb4 36. Ra4 Rb8 37. Qd3 Bxf5 38. exf5 Rf8 39. Rxa5 Bxa5 40. Rxa5
Qxf5 41. Qxf5 Rxf5 42. Ra8+ Kh7 43. Ra7 Rf7 44. b4 Kg6 45. Kf1 Kf6 46. b5 Re7
47. Ke2 Kf7 48. c5 dxc5 49. d6 Re8 50. dxc7 Ke6 51. b6 Kd6 52. Rb7 Kd7 53. Rb8
Rc8 54. Kd3 g6 55. Kc4 h5 56. Kxc5 Rxc7+ 57. bxc7 Kxc7 58. Rg8 1-0

[Event "34. Kieler Open 2022"]
[Site "Kiel"]
[Date "2022.07.30"]
[Round "1.36"]
[White "Jacobasch, Ronja"]
[Black "Zimmermann, Manfred"]
[Result "0-1"]
[WhiteElo "1457"]
[BlackElo "1933"]
[PlyCount "84"]
[EventDate "2022.??.??"]

1. Nf3 d5 2. g3 Nf6 3. Bg2 e6 4. O-O Be7 5. d3 O-O 6. Nbd2 Nbd7 7. e4 dxe4 8.
dxe4 e5 9. Re1 b5 10. a4 c6 11. axb5 cxb5 12. Nf1 Bb7 13. Qd3 a6 14. Bd2 Bc5
15. Ba5 Bb6 16. Bb4 Re8 17. N1d2 Nc5 18. Qxd8 Raxd8 19. Bxc5 Bxc5 20. Re2 h6
21. Ne1 Bd4 22. Nd3 Bb6 23. Nb3 Rc8 24. Nb4 Rc4 25. Nd5 Nxd5 26. exd5 f6 27.
Na5 Bxa5 28. Rxa5 Rd8 29. Rd2 Rd6 30. Ra1 f5 31. Rad1 Rc5 32. c3 Kf7 33. Kf1 e4
34. Ke2 Kf6 35. Ke3 Ke5 36. f3 Rcxd5 37. Rxd5+ Rxd5 38. Rxd5+ Bxd5 39. fxe4
Bxe4 40. Bf1 Bd5 41. h4 g5 42. hxg5 hxg5 0-1

[Event "34. Kieler Open 2022"]
[Site "Kiel"]
[Date "2022.07.30"]
[Round "1.37"]
[White "Hufendiek, Ekkehard"]
[Black "Dau-Schmidt, Piet"]
[Result "1-0"]
[WhiteElo "1929"]
[BlackElo "1445"]
[PlyCount "45"]
[EventDate "2022.??.??"]

1. e4 c6 2. d4 d5 3. e5 Bf5 4. h4 h5 5. Bg5 Qb6 6. Bd3 Bxd3 7. Qxd3 Qxb2 8. e6
fxe6 9. Nf3 Qxa1 10. Qb3 Qxb1+ 11. Qxb1 b6 12. Ne5 Nh6 13. c4 Nf7 14. Qg6 Nd7
15. Nxf7 Nf6 16. Nxh8+ Kd7 17. Nf7 dxc4 18. Ne5+ Kc7 19. Qf7 c3 20. Qxe6 Rc8
21. Bxf6 gxf6 22. Qxc6+ Kb8 23. Nd7# 1-0

[Event "34. Kieler Open 2022"]
[Site "Kiel"]
[Date "2022.07.30"]
[Round "1.38"]
[White "Burbach, Bruno"]
[Black "Peglau, Dora"]
[Result "1/2-1/2"]
[WhiteElo "1417"]
[BlackElo "1920"]
[Annotator "HJ"]
[PlyCount "145"]
[EventDate "2022.??.??"]

1. b3 Nf6 2. Bb2 d5 3. e3 c5 4. d4 g6 5. c4 cxd4 6. Bxd4 dxc4 7. Bxc4 Bg7 8.
Nf3 O-O 9. O-O Nc6 10. Bc3 Bg4 11. Be2 Qc7 12. Nbd2 Rfd8 13. Qc1 Rac8 14. Qb2
Qb8 15. h3 Bxf3 16. Nxf3 b5 17. b4 Rd7 18. Rfd1 Rdc7 19. Rac1 Qb7 20. a3 a6 21.
Nd2 Ne8 22. Bf3 Bxc3 23. Rxc3 Nd6 24. Rdc1 Qb6 25. Rc5 Nd8 26. Rxc7 Rxc7 27.
Rc2 Ne6 28. Qc1 Kg7 29. Bd5 Rxc2 30. Qxc2 Nc7 31. Bf3 f6 32. Qc6 Qxc6 33. Bxc6
e5 34. Kf1 Kf7 35. Ke2 Ke6 36. g3 f5 37. f3 Nd5 38. Bxd5+ Kxd5 39. Kd3 e4+ 40.
fxe4+ fxe4+ 41. Kc3 h5 42. Kb3 Nf5 43. Nf1 h4 44. gxh4 Nxh4 45. Nh2 Nf3 46. Ng4
g5 47. Kc3 Ng1 48. Nf2 Ne2+ 49. Kd2 Ng1 50. Kc3 Ke5 51. Kd2 Kf5 52. Kc3 Ne2+
53. Kd2 Ng1 54. Kc3 Ne2+ 55. Kd2 Ng1 56. Kc3 Nf3 57. Ng4 Ne5 58. Nh6+ Kg6 59.
Ng4 Nc4 60. Kb3 Kf5 61. Nh6+ Ke6 62. Ng4 Kd6 63. a4 Nd2+ 64. Kc2 Nf3 65. axb5
axb5 66. Kc3 Kd5 67. Nf6+ Ke5 68. Ng4+ Kf5 69. Nh6+ Kg6 70. Ng4 Kg7 71. Kc2 Kg6
72. Kc3 Kf5 73. Nh6+ {nach 97 Zügen REMIS} 1/2-1/2

[Event "34. Kieler Open 2022"]
[Site "Kiel"]
[Date "2022.07.30"]
[Round "1.39"]
[White "Gombert, Reiner"]
[Black "Aguike, Toshiya"]
[Result "1-0"]
[WhiteElo "1915"]
[BlackElo "1412"]
[Annotator "HJ"]
[PlyCount "87"]
[EventDate "2022.??.??"]

1. d4 Nf6 2. Nf3 d5 3. c4 e6 4. g3 g6 5. Bg2 Bg7 6. O-O O-O 7. Nc3 b6 8. cxd5
exd5 9. Ne5 Bb7 10. Bg5 h6 11. Bxf6 Bxf6 12. Qb3 Bxe5 13. dxe5 c6 14. Rad1 Re8
15. f4 Qe7 16. Rfe1 Nd7 17. e4 Qc5+ 18. Kh1 Rad8 19. exd5 cxd5 20. Nxd5 Qf2 21.
Rf1 Qe2 22. Rde1 Qd2 23. Qc3 Qxc3 24. Nxc3 Bxg2+ 25. Kxg2 Nc5 26. Ne4 Nd3 27.
Nf6+ Kf8 28. Nxe8 Nxe1+ 29. Rxe1 Kxe8 30. Re2 Ke7 31. Rc2 Rd7 32. Kf3 h5 33.
Ke4 Ke6 34. h3 Rd1 35. g4 Re1+ 36. Kf3 h4 37. Re2 Rf1+ 38. Ke4 Rh1 39. f5+
gxf5+ 40. gxf5+ Ke7 41. Re3 Rb1 42. Ra3 a5 43. Rb3 Rh1 44. f6+ {und weitere 20
Züge} 1-0

[Event "34. Kieler Open 2022"]
[Site "Kiel"]
[Date "2022.07.30"]
[Round "1.40"]
[White "Dotschuweit, Erik"]
[Black "Quiring, Nikolai"]
[Result "0-1"]
[WhiteElo "1393"]
[BlackElo "1915"]
[PlyCount "50"]
[EventDate "2022.??.??"]

1. e4 e6 2. d4 d5 3. e5 c5 4. Be3 cxd4 5. Bxd4 Nc6 6. Bb5 Qa5+ 7. Nc3 Bd7 8.
Qd3 a6 9. Ba4 b5 10. Bb3 Nge7 11. Nge2 Nf5 12. O-O Qc7 13. Nf4 Nfxd4 14. Bxd5
Bc5 15. Ne4 Nb4 16. Qd1 Nxd5 17. c3 Nxf4 18. cxd4 Bxd4 19. Qf3 Qxe5 20. Rfe1
O-O 21. Rad1 Nd5 22. Nc5 Qxe1+ 23. Rxe1 Bxc5 24. Rd1 Rac8 25. g3 Bc6 0-1

[Event "34. Kieler Open 2022"]
[Site "Kiel"]
[Date "2022.07.30"]
[Round "1.44"]
[White "Christiansen, Henning"]
[Black "Christensen, Andreas"]
[Result "1/2-1/2"]
[WhiteElo "1360"]
[BlackElo "1901"]
[PlyCount "51"]
[EventDate "2022.??.??"]

1. d4 Nf6 2. Bf4 g6 3. Nc3 Bg7 4. e4 O-O 5. Nf3 b6 6. Bd3 Bb7 7. Qd2 d5 8. e5
Ne4 9. Qe3 Nxc3 10. bxc3 e6 11. Bh6 Nd7 12. h4 f5 13. h5 Qe7 14. hxg6 hxg6 15.
Bxg7 Qxg7 16. Ng5 Rae8 17. Rh7 Qxh7 18. Nxh7 Kxh7 19. Qg5 Kg7 20. g4 Rf7 21.
Kd2 Nf8 22. gxf5 exf5 23. Rg1 Bc8 24. f4 c5 25. Rh1 Kg8 26. Rg1 1/2-1/2

[Event "34. Kieler Open 2022"]
[Site "Kiel"]
[Date "2022.07.30"]
[Time "12:00:00"]
[Round "1.51"]
[White "Dietrich, Leif"]
[Black "Tabakh, Najat"]
[Result "1-0"]
[WhiteElo "1857"]
[BlackElo "1313"]
[PlyCount "63"]

1. e4 e5 2. Nf3 Nc6 3. Bc4 Bc5 4. c3 d6 5. d4 exd4 6. cxd4 Bb4+ 7. Bd2 Bxd2+ 8.
Qxd2 h6 9. h3 Qe7 10. O-O Bd7 11. Nc3 O-O-O 12. Rfe1 g5 13. Nd5 Qf8 14. b4 f5
15. b5 Nce7 16. Qa5 Nxd5 17. Bxd5 Re8 18. Qxa7 Kd8 19. Qb8+ Ke7 20. Qxc7 Qg7
21. exf5+ Kf8 22. Qxd6+ Re7 23. Bxg8 Rxg8 24. f6 Qf7 25. fxe7+ Kg7 26. Qxd7 Re8
27. Rac1 Kf6 28. Qxb7 Rxe7 29. Rc6+ Kg7 30. Rxe7 Qxe7 31. Qxe7+ Kg8 32. Rc8#

1-0

[Event "34. Kieler Open 2022"]
[Site "Kiel"]
[Date "2022.07.30"]
[Round "1.52"]
[White "Allen, Phillipp"]
[Black "Gressmann, Hanna"]
[Result "1/2-1/2"]
[WhiteElo "1312"]
[BlackElo "1856"]
[PlyCount "95"]
[EventDate "2022.??.??"]

1. e4 d6 2. d4 Nf6 3. Bd3 Nbd7 4. Nf3 e5 5. c3 Be7 6. O-O c6 7. Be3 Qc7 8. Nbd2
O-O 9. Nc4 exd4 10. cxd4 d5 11. exd5 Nxd5 12. a3 a5 13. Qc2 h6 14. Nce5 Nxe5
15. Nxe5 Bd6 16. Rfe1 Nxe3 17. Rxe3 Be6 18. h3 Bd5 19. Bc4 Bxc4 20. Nxc4 Bh2+
21. Kf1 Bf4 22. Re4 Bg5 23. g3 Rad8 24. f4 Bf6 25. Ne5 Rd5 26. Rae1 Qb6 27. Qd3
Bxe5 28. fxe5 Qb5 29. Qxb5 Rxb5 30. R1e2 Rd8 31. Rd2 Rbd5 32. Ke2 a4 33. Kd3
Kf8 34. Kc3 Rb5 35. Rd3 Ke7 36. Rf4 Ke6 37. Kc2 Rd7 38. Rg4 c5 39. d5+ Kxe5 40.
Rxg7 Rxd5 41. Rxd5+ Kxd5 42. Rxf7 Rb3 43. h4 b5 44. Rf6 Rxg3 45. Rxh6 Kc4 46.
Rf6 Rg2+ 47. Kb1 Rh2 48. Rf4+ 1/2-1/2

[Event "34. Kieler Open 2022"]
[Site "Kiel"]
[Date "2022.07.30"]
[Round "1.78"]
[White "Lund, Joerg"]
[Black "Ahrens, Gunnar"]
[Result "1-0"]
[WhiteElo "1480"]
[BlackElo "1677"]
[PlyCount "47"]
[EventDate "2022.??.??"]

1. d4 f5 2. Nf3 Nf6 3. c4 d6 4. Nc3 g6 5. g3 Bg7 6. Bg2 c6 7. Qb3 Na6 8. O-O
Rb8 9. Re1 O-O 10. Bf4 h6 11. Rad1 Be6 12. e4 fxe4 13. Nxe4 Bf7 14. Ne5 dxe5
15. dxe5 Nd5 16. e6 Bxe6 17. Nc3 Nac7 18. cxd5 Bf7 19. Qb4 Bxd5 20. Nxd5 cxd5
21. Rxe7 Rxf4 22. Rxg7+ Kxg7 23. Qxf4 Ne6 24. Qe5+ 1-0

[Event "34. Kieler Open 2022"]
[Site "Kiel"]
[Date "2022.07.30"]
[Round "2.1"]
[White "Strebel, Michael"]
[Black "Legky, Nikolay A"]
[Result "0-1"]
[WhiteElo "1909"]
[BlackElo "2374"]
[Annotator "RW"]
[PlyCount "72"]
[EventDate "2022.??.??"]

{[%evp 0,65,18,-18,-24,-19,-14,-14,-25,-33,-16,-24,-17,-31,-2,-20,-20,-8,9,0,0,
0,62,-43,-55,-67,-48,-68,-74,-88,-15,-48,-44,-76,-69,-151,-150,-130,-130,-174,
-174,-174,-151,-194,-165,-152,-172,-262,-257,-745,-171,-233,-229,-491,-479,
-472,-486,-498,-486,-506,-506,-654,-664,-693,-700,-673,-612,-634]} 1. f4 d5 2.
Nf3 g6 3. e3 Bg7 4. Be2 Nf6 5. O-O O-O 6. d3 b6 7. Ne5 Nfd7 8. d4 Nxe5 9. fxe5
f6 10. exf6 exf6 11. Bf3 Ba6 12. Rf2 f5 13. Nc3 c6 14. Ne2 Bxe2 15. Bxe2 Nd7
16. b3 Nf6 17. Ba3 Re8 18. Qd3 Bh6 19. Rf3 Ng4 20. Bc1 Qh4 21. h3 Bxe3+ 22.
Bxe3 Rxe3 23. Qd2 Rae8 24. Rxe3 Nxe3 25. Bf3 Nxc2 26. Qxc2 Qxd4+ 27. Kh2 Qxa1
28. Qxc6 Qe5+ 29. Kh1 d4 30. Qd5+ Qxd5 31. Bxd5+ Kg7 32. Bc4 Re3 33. Kg1 d3 34.
Kf1 f4 35. a4 Kf6 36. Kf2 Ke5 0-1

[Event "34. Kieler Open 2022"]
[Site "Kiel"]
[Date "2022.07.30"]
[Round "2.2"]
[White "Rudolph, Johannes"]
[Black "Shtompel, Yuriy"]
[Result "1-0"]
[WhiteElo "2363"]
[BlackElo "1897"]
[Annotator "RW"]
[PlyCount "105"]
[EventDate "2022.??.??"]

{[%evp 0,105,18,20,22,6,12,15,29,32,25,28,27,22,39,25,29,18,35,30,31,5,49,50,
42,14,7,5,11,22,16,1,1,9,0,0,0,3,0,16,59,52,54,52,58,58,58,58,58,58,66,66,68,
68,67,61,61,63,65,60,60,24,60,60,62,18,63,55,62,12,12,4,16,29,8,37,81,0,0,0,81,
64,62,55,158,163,176,127,127,159,227,270,432,437,486,486,494,509,552,545,553,
572,572,593,748,766,980,1012]} 1. d4 Nf6 2. c4 e6 3. Nf3 a6 4. Nc3 d5 5. cxd5
exd5 6. Bg5 c6 7. Qc2 Be6 8. e3 Bd6 9. Bd3 Nbd7 10. O-O h6 11. Bf4 Qb8 12. Bg3
Bxg3 13. hxg3 Qd6 14. b4 O-O 15. Na4 a5 16. b5 cxb5 17. Bxb5 Rfc8 18. Qb2 Rc7
19. Ne5 Qb4 20. Qxb4 axb4 21. Bxd7 Nxd7 22. Nxd7 Bxd7 23. Nb6 Ra5 24. Rfb1 Be6
25. Rxb4 Rc2 26. a4 Kf8 27. Rab1 Ke7 28. Rb5 Rxb5 29. Rxb5 Kd6 30. Rb1 Kc7 31.
Rb5 Kd6 32. Rb1 Kc7 33. a5 Ra2 34. Rc1+ Kd6 35. Rc5 Ra1+ 36. Kh2 Ra2 37. f3 f5
38. Kg1 Ra1+ 39. Kh2 Ra2 40. Na8 Bd7 41. Nc7 Rb2 42. Nxd5 Bc6 43. e4 fxe4 44.
fxe4 Rd2 45. e5+ Kd7 46. Nb6+ Ke6 47. a6 Rxg2+ 48. Kh3 Ra2 49. d5+ Bxd5 50.
Nxd5 bxa6 51. Nf4+ Kd7 52. e6+ Ke7 53. Rc7+ 1-0

[Event "34. Kieler Open 2022"]
[Site "Kiel"]
[Date "2022.07.30"]
[Round "2.3"]
[White "Lutze, Max"]
[Black "Arndt, Magnus"]
[Result "0-1"]
[WhiteElo "1892"]
[BlackElo "2359"]
[Annotator "RW"]
[PlyCount "60"]
[EventDate "2022.??.??"]

1. c4 Nf6 2. g3 e6 3. Bg2 d5 4. Nf3 Be7 5. cxd5 exd5 6. O-O O-O 7. d3 c6 8. a3
a5 9. Be3 Nbd7 10. Nc3 Nc5 11. b4 Ne6 12. Na2 Re8 13. Qb3 axb4 14. axb4 d4 15.
Bd2 Nc7 16. Qb2 Nb5 17. Nc1 Rxa1 18. Qxa1 Nd5 19. Nb3 Bf6 20. Re1 Ndc3 21. Kf1
Bf5 22. Bxc3 Nxc3 23. Qb2 Nxe2 24. Rxe2 Bxd3 25. Nc1 Bxe2+ 26. Nxe2 d3 27. Ned4
Bxd4 28. Nxd4 Qf6 29. Qc3 Rd8 30. Qxd3 Qxd4 0-1

[Event "34. Kieler Open 2022"]
[Site "Kiel"]
[Date "2022.07.30"]
[Round "2.4"]
[White "Farokhi, Keyvan"]
[Black "Schmidt, Peter"]
[Result "1-0"]
[WhiteElo "2332"]
[BlackElo "1877"]
[Annotator "RW"]
[PlyCount "57"]
[EventDate "2022.??.??"]

{[%evp 0,57,18,18,22,15,54,23,23,7,23,27,23,21,23,8,18,-30,-34,4,-10,-10,-19,0,
1,-27,1,-2,-2,4,43,-38,12,63,77,84,83,81,104,102,147,117,141,102,128,152,181,
181,140,184,203,211,734,734,803,803,758,791,876,895]} 1. Nf3 Nf6 2. c4 g6 3. g3
Bg7 4. Bg2 d6 5. d4 O-O 6. O-O Nc6 7. d5 Na5 8. Nfd2 c5 9. Nc3 a6 10. Qc2 Rb8
11. b3 b5 12. Bb2 bxc4 13. bxc4 e5 14. Rab1 Nh5 15. e4 f5 16. exf5 Bxf5 17.
Nce4 Nf6 18. Bc3 Nxe4 19. Bxe4 Bxe4 20. Qxe4 Qc7 21. Qg4 Rbe8 22. Bxa5 Qxa5 23.
Ne4 Qc7 24. Rb3 Rf7 25. Rfb1 Bf6 26. Rb7 Qd8 27. Rxf7 Kxf7 28. Rb7+ Kg8 29. Rd7
1-0

[Event "34. Kieler Open 2022"]
[Site "Kiel"]
[Date "2022.07.30"]
[Round "2.5"]
[White "Ziaeian, Shahin"]
[Black "Browning, Alex"]
[Result "1-0"]
[WhiteElo "1877"]
[BlackElo "2294"]
[Annotator "RW"]
[PlyCount "71"]
[EventDate "2022.??.??"]

1. d4 Nf6 2. Nc3 d5 3. Bf4 a6 4. e3 c5 5. dxc5 e6 6. Na4 Nbd7 7. b4 Ne4 8. Bd3
g5 9. Bg3 Bg7 10. Bxe4 dxe4 11. Rc1 b5 12. cxb6 Bb7 13. Bc7 Qe7 14. Bd6 Qf6 15.
Ne2 Rd8 16. Bc7 Rc8 17. Nc5 Nxc5 18. bxc5 O-O 19. Qd6 e5 20. O-O Rfe8 21. Rfd1
Re6 22. Qd7 Bf8 23. Bd6 Bxd6 24. cxd6 Rb8 25. Qc7 Ree8 26. d7 Red8 27. Rd6 Qe7
28. Rb1 Ba8 29. Rbd1 Rb7 30. Qc8 Qf8 31. Qxa8 Rbxd7 32. Qxd8 Qxd8 33. Rxd7 Qxb6
34. Ng3 Qa5 35. Nf5 f6 36. g4 1-0

[Event "34. Kieler Open 2022"]
[Site "Kiel"]
[Date "2022.07.30"]
[Round "2.6"]
[White "Popvasilev, Kaloyan"]
[Black "Peglau, Charis"]
[Result "1-0"]
[WhiteElo "2208"]
[BlackElo "1870"]
[Annotator "RW"]
[PlyCount "41"]
[EventDate "2022.??.??"]

{[%evp 0,41,10,13,56,47,54,-6,18,26,38,39,45,45,45,39,62,62,67,-33,-33,-33,-27,
-28,-19,-50,-50,-50,4,-50,-50,-60,-46,-25,-46,-46,314,313,313,0,29979,29980,
29995,29996]} 1. e4 c6 2. d4 d5 3. f3 e6 4. Nc3 Bb4 5. Bd2 Bxc3 6. Bxc3 dxe4 7.
Nh3 Nf6 8. fxe4 Nxe4 9. Qf3 Nxc3 10. bxc3 Nd7 11. Bd3 Nf6 12. Qg3 O-O 13. O-O
c5 14. Rae1 h6 15. Re3 cxd4 16. Ref3 Ne8 17. Nf4 Nd6 18. Nh5 Ne8 19. Rf6 Kh8
20. Rxf7 Rg8 21. Qg6 1-0

[Event "34. Kieler Open 2022"]
[Site "Kiel"]
[Date "2022.07.30"]
[Round "2.7"]
[White "Kort, Felix"]
[Black "Weihrauch, Jakob"]
[Result "1-0"]
[WhiteElo "1858"]
[BlackElo "2183"]
[Annotator "RW"]
[PlyCount "109"]
[EventDate "2022.??.??"]

{[%evp 0,67,16,20,22,6,12,4,17,-8,9,24,268,273,279,279,287,287,284,225,243,258,
258,258,312,300,294,291,448,396,537,460,466,475,473,494,515,524,517,539,576,
588,590,591,590,611,616,586,704,731,763,765,774,712,774,792,817,786,1051,771,
809,827,827,827,921,770,1248,623,615,615]} 1. d4 Nf6 2. c4 e6 3. Nc3 Bb4 4. Qc2
d6 5. Nf3 b6 6. Qa4+ Nc6 7. Qxc6+ Bd7 8. Qb7 a5 9. Bg5 c6 10. c5 Rb8 11. Qa6 b5
12. a3 Ra8 13. Qb6 Qc8 14. axb4 Ra6 15. Qxa6 Qxa6 16. Rxa5 Qb7 17. Bxf6 gxf6
18. Ne4 O-O 19. Nxd6 Qc7 20. e3 e5 21. dxe5 fxe5 22. Nxe5 Be6 23. Be2 Bd5 24.
Bf3 f6 25. Bxd5+ cxd5 26. Nd3 Rb8 27. O-O Qd7 28. Rfa1 Qg4 29. Ra8 Rxa8 30.
Rxa8+ Kg7 31. Ra7+ Kf8 32. f3 Qg5 33. Kf2 d4 34. Ra8+ Kg7 35. Re8 dxe3+ 36.
Rxe3 Qh4+ 37. Kg1 Qg5 38. Re7+ Kg8 39. Re8+ Kg7 40. Re2 Qd5 41. Nf2 Kg6 42. h4
h5 43. Re4 f5 44. Rf4 Qe5 45. Nh3 Qxb2 46. Nxb5 Kf6 47. Nd6 Ke6 48. Nxf5 Ke5
49. Nd4 Kd5 50. Re4 Kc4 51. c6 Kxb4 52. c7 Qc1+ 53. Kf2 Qc5 54. Nf4 Kc3 55.
Nfe6 1-0

[Event "34. Kieler Open 2022"]
[Site "Kiel"]
[Date "2022.07.30"]
[Round "2.8"]
[White "Doll, Alexander"]
[Black "Dietrich, Leif"]
[Result "1-0"]
[WhiteElo "2180"]
[BlackElo "1857"]
[Annotator "RW"]
[PlyCount "95"]
[EventDate "2022.??.??"]

1. e4 c5 2. Nf3 d6 3. d4 cxd4 4. Nxd4 Nf6 5. Nc3 a6 6. g3 g6 7. Bg2 Bg7 8. O-O
O-O 9. h3 Bd7 10. a4 Nc6 11. Nde2 Qc7 12. Be3 Na5 13. b3 Rac8 14. Rc1 Nc6 15.
Qd2 Rfd8 16. Nd5 Nxd5 17. exd5 Nb8 18. a5 Bc3 19. Nxc3 Qxc3 20. Qxc3 Rxc3 21.
Bd4 Rcc8 22. Rfe1 Re8 23. c4 h5 24. Kh1 Bf5 25. Bf3 e5 26. dxe6 Nc6 27. exf7+
Kxf7 28. Bc3 Rxe1+ 29. Rxe1 Re8 30. Rd1 Ke7 31. Rd2 Rd8 32. b4 Bc8 33. Bd5 Rf8
34. Kg2 Nd8 35. Bd4 Be6 36. Bb6 Bxd5+ 37. cxd5 Rf5 38. f4 g5 39. Kf3 gxf4 40.
gxf4 Rf7 41. Rc2 Ke8 42. Rc8 Rd7 43. Kg3 Ke7 44. Rxd8 Rxd8 45. Bxd8+ Kxd8 46.
Kh4 Ke7 47. Kxh5 Kf6 48. Kg4 1-0

[Event "34. Kieler Open 2022"]
[Site "Kiel"]
[Date "2022.07.30"]
[Round "2.9"]
[White "Serreck, Uwe"]
[Black "Kardoeus, David"]
[Result "0-1"]
[WhiteElo "1847"]
[BlackElo "2174"]
[Annotator "RW"]
[PlyCount "78"]
[EventDate "2022.??.??"]

{[%evp 0,78,16,13,45,17,25,16,22,23,13,16,25,5,14,-27,-2,-15,-15,-10,-10,-25,
-16,-16,6,7,49,45,47,47,54,51,68,40,40,40,40,37,20,20,17,23,23,20,17,0,17,0,26,
9,19,-1,-16,-13,-8,-43,-27,-43,-43,-42,-44,-44,-47,-46,-37,-29,-36,-44,-46,-60,
-55,-64,-53,-82,-72,-162,-224,-224,-224,-202,-93]} 1. e4 c6 2. Ne2 d5 3. e5 Bf5
4. Ng3 Bg6 5. h4 h6 6. h5 Bh7 7. e6 Qd6 8. exf7+ Kxf7 9. d4 e5 10. Bd3 e4 11.
Be2 Qc7 12. O-O Bd6 13. c4 Nf6 14. Nc3 Nbd7 15. cxd5 cxd5 16. Nb5 Qb6 17. Nxd6+
Qxd6 18. Be3 Nf8 19. Rc1 Ne6 20. Bg4 Rhc8 21. Bxe6+ Qxe6 22. Qb3 Qb6 23. Rc3
Rc6 24. Rfc1 Rac8 25. Qxb6 axb6 26. a4 Ke6 27. Bf4 Rxc3 28. Rxc3 Rxc3 29. bxc3
Bf5 30. Bc7 Bg4 31. Bxb6 Bd1 32. a5 Bxh5 33. Kf1 Be8 34. Ke2 Bb5+ 35. Kd2 h5
36. Bd8 h4 37. Bxf6 Kxf6 38. Nh5+ Kg5 39. Nxg7 Bd7 0-1

[Event "34. Kieler Open 2022"]
[Site "Kiel"]
[Date "2022.07.30"]
[Round "2.10"]
[White "Boehme, Sebastian"]
[Black "Peglau, Markus"]
[Result "1-0"]
[WhiteElo "2168"]
[BlackElo "1843"]
[Annotator "RW"]
[PlyCount "31"]
[EventDate "2022.??.??"]

1. d4 Nf6 2. Bf4 d5 3. e3 Bg4 4. Qd3 Nbd7 5. Qb3 e6 6. Qxb7 Rb8 7. Qxa7 Rxb2 8.
f3 Bf5 9. Bxc7 Bb4+ 10. c3 Qc8 11. Ba6 Rxb1+ 12. Rxb1 Bxc3+ 13. Kf2 Qxa6 14.
Qxa6 O-O 15. Rb3 Bd2 16. Ke2 1-0

[Event "34. Kieler Open 2022"]
[Site "Kiel"]
[Date "2022.07.30"]
[Round "2.11"]
[White "Langfeldt, Lars"]
[Black "Ghadimi, Mohammed Reza"]
[Result "0-1"]
[WhiteElo "1844"]
[BlackElo "2147"]
[Annotator "RW"]
[PlyCount "112"]
[EventDate "2022.??.??"]

{[%evp 0,112,22,13,37,34,48,39,32,47,73,72,69,56,51,51,73,38,54,38,19,5,41,33,
50,12,39,32,182,28,32,24,28,32,21,21,21,22,22,11,17,6,6,-31,-3,-92,-91,-78,-87,
-80,-80,-108,-95,-101,-100,-118,-100,-122,-126,-142,-112,-117,-125,-117,-112,
-166,-163,-152,-142,-143,-141,-151,-107,-134,-128,-125,-125,-131,-108,-121,-90,
-101,-67,-76,-83,-98,-98,-129,-125,-125,-122,-159,-156,-160,-150,-180,-154,
-234,-228,-237,-254,-239,-262,-260,-247,-250,-307,-320,-284,-387,-393,-687,
-701,-742,-809]} 1. e4 c5 2. Nf3 e6 3. d4 cxd4 4. Nxd4 a6 5. Nc3 Qc7 6. Be2 Nf6
7. O-O Nc6 8. a3 Be7 9. Kh1 O-O 10. f4 d6 11. Be3 Bd7 12. Qe1 Nxd4 13. Bxd4 e5
14. Be3 Bc6 15. Bf3 exf4 16. Bxf4 Nd7 17. Rd1 Ne5 18. Be2 Bf6 19. Bh6 Qe7 20.
Bf4 Rac8 21. Bd3 Ng6 22. Bc1 Bxc3 23. bxc3 Rce8 24. Qg3 Bxe4 25. Bxe4 Qxe4 26.
Rxd6 Qxc2 27. Rd2 Qa4 28. Rd4 Qc6 29. Rd6 Qe4 30. Rfd1 Re7 31. R6d4 Qe5 32. Qf2
Rfe8 33. Rf1 Qe2 34. Qxe2 Rxe2 35. a4 R2e4 36. Rd7 R4e7 37. Rd4 f6 38. Ba3 Re4
39. a5 Rxd4 40. cxd4 Rd8 41. Bc5 Rd7 42. g3 Kf7 43. Re1 Ne7 44. Bb6 Nc6 45. Rd1
Rd5 46. Rb1 Ke6 47. Kg2 Rb5 48. Rxb5 axb5 49. Kf3 Kd5 50. Ke3 Kc4 51. Ke4 Nb4
52. Bc5 Nd5 53. Kf5 Nc7 54. Bb6 b4 55. Bxc7 b3 56. Bb6 Kd5 0-1

[Event "34. Kieler Open 2022"]
[Site "Kiel"]
[Date "2022.07.30"]
[Round "2.12"]
[White "Doll, Stefan"]
[Black "Ehrig, Leon Chris"]
[Result "1-0"]
[WhiteElo "2134"]
[BlackElo "1832"]
[Annotator "RW"]
[PlyCount "50"]
[EventDate "2022.??.??"]

1. e4 c5 2. c3 d5 3. exd5 Qxd5 4. d4 Nf6 5. Nf3 Bg4 6. dxc5 Qxd1+ 7. Kxd1 e5 8.
b4 e4 9. h3 Bh5 10. g4 Nxg4 11. hxg4 Bxg4 12. Rg1 Bxf3+ 13. Kc2 f5 14. Bf4 Nc6
15. Nd2 Bh5 16. f3 Bg6 17. Re1 a5 18. a3 axb4 19. axb4 Be7 20. fxe4 O-O 21.
Bc4+ Kh8 22. Rxg6 fxe4 23. Rg4 Rad8 24. Nxe4 Rde8 25. Reg1 Bf6 1-0